000 00892nam a2200277Ia 4500
001 43597
003 112865
005 20251127173118.0
008 ||||||n9999 ||| || ||
041 _aspa
100 _aCalvo Olmos, Genny
_961997
245 0 _aUna nueva vision de bienestar en las escuelas de formacion de la Policia Nacional
260 _aBogotá :
_bEscuela Superior de Administración Pública - ESAP,
_c1997.
300 _a99h
500 _aTesis
562 _e1
650 0 _aBienestar social
_93954
650 0 _aEntrevista
_9661
650 _aESPECIALIZACIÓN EN GERENCIA SOCIAL--TESIS Y DISERTACIONES ACADÉMICAS
_924038
650 0 _aEstructura de la organización
_95274
650 _aINSTITUCION DE ENSENANZA
_914258
650 _aPOLICIA NACIONAL
_911166
650 0 _aTesis y disertaciones académicas
_93
650 _y1997
_962000
942 _cTESIS
999 _c43597
_d43597